MARC details
| 000 -LEADER |
| fixed length control field |
02653clm a2200445 i 4500 |
| 001 - CONTROL NUMBER |
| control field |
978-981-13-9132-3 |
| 003 - CONTROL NUMBER IDENTIFIER |
| control field |
DE-He213 |
| 005 - DATE AND TIME OF LATEST TRANSACTION |
| control field |
20250214151136.0 |
| 006 - FIXED-LENGTH DATA ELEMENTS--ADDITIONAL MATERIAL CHARACTERISTICS--GENERAL INFORMATION |
| fixed length control field |
m o d |
| 007 - PHYSICAL DESCRIPTION FIXED FIELD--GENERAL INFORMATION |
| fixed length control field |
cr nn 008maaau |
| 008 - FIXED-LENGTH DATA ELEMENTS--GENERAL INFORMATION |
| fixed length control field |
190812s2020 si s 0 eng d |
| 020 ## - INTERNATIONAL STANDARD BOOK NUMBER |
| International Standard Book Number |
9789811391323 |
| 020 ## - INTERNATIONAL STANDARD BOOK NUMBER |
| International Standard Book Number |
9789811391316 |
| 024 7# - OTHER STANDARD IDENTIFIER |
| Standard number or code |
10.1007/978-981-13-9132-3 |
| Source of number or code |
doi |
| 040 ## - CATALOGING SOURCE |
| Original cataloging agency |
GP |
| Transcribing agency |
GP |
| Description conventions |
rda |
| 041 0# - LANGUAGE CODE |
| Language code of text/sound track or separate title |
eng |
| 042 ## - AUTHENTICATION CODE |
| Authentication code |
nbic |
| 100 1# - MAIN ENTRY--PERSONAL NAME |
| Personal name |
Mat Roni, Saiyidi, |
| Relator term |
author. |
| 245 10 - TITLE STATEMENT |
| Title |
Conducting quantitative research in education |
| Medium |
[electronic resource] / |
| Statement of responsibility, etc |
by Saiyidi Mat Roni, Margaret Kristin Merga, Julia Elizabeth Morris. |
| 260 ## - PUBLICATION, DISTRIBUTION, ETC. (IMPRINT) |
| Place of publication, distribution, etc |
Singapore : |
| Name of publisher, distributor, etc |
Imprint: Springer, |
| Date of publication, distribution, etc |
c2020 |
| 300 ## - PHYSICAL DESCRIPTION |
| Extent |
1 online resource (viii, 206 pages) : |
| Other physical details |
illustrations (some color), digital ; |
| Dimensions |
24 cm. |
| 336 ## - CONTENT TYPE |
| Content Type Term |
text |
| Content Type Code |
txt |
| Source |
rdacontent. |
| 337 ## - MEDIA TYPE |
| Media Type Term |
computer |
| Media Type Code |
c |
| Source |
rdamedia. |
| 338 ## - CARRIER TYPE |
| Carrier Type Term |
online resource |
| Carrier Type Code |
cr |
| Source |
rdacarrier. |
| 500 ## - GENERAL NOTE |
| General note |
2020年臺灣學術電子書暨資料庫聯盟共購共享專案(2020版權年SpringerLink西文電子書資料庫) |
| 505 0# - FORMATTED CONTENTS NOTE |
| Formatted contents note |
Chapter1 Introduction -- Chapter2 Getting started: What, where, why -- Chapter3 Conducting research with children and students -- Chapter4 Data types and samples -- Chapter5 Data preparation -- Chapter6 Analysis: Difference between groups -- Chapter7 Analysis: Correlation -- Chapter8 Analysis: Regression -- Chapter9 Write up and research translation -- Chapter10 Conclusion and further reading. |
| 520 ## - SUMMARY, ETC. |
| Summary, etc |
This book provides a clear and straightforward guide for all those seeking to conduct quantitative research in the field of education, using primary research data samples. While positioned as less powerful and somehow inferior, non-parametric tests can be very useful where the research can only be designed to accommodate data structure which is ordinal, or scale but violates a normality assumption, which is required for parametric tests. Non-parametric data are a staple of educational research, and as such, it is essential that educational researchers learn how to work with these data with confidence and rigour. |
| 650 #0 - SUBJECT ADDED ENTRY--TOPICAL TERM |
| Topical term or geographic name as entry element |
Education |
| General subdivision |
Research |
| -- |
Methodology. |
| 650 #0 - SUBJECT ADDED ENTRY--TOPICAL TERM |
| Topical term or geographic name as entry element |
Quantitative research. |
| 650 14 - SUBJECT ADDED ENTRY--TOPICAL TERM |
| Topical term or geographic name as entry element |
Management Education. |
| 650 24 - SUBJECT ADDED ENTRY--TOPICAL TERM |
| Topical term or geographic name as entry element |
Big Data/Analytics. |
| 650 24 - SUBJECT ADDED ENTRY--TOPICAL TERM |
| Topical term or geographic name as entry element |
Statistics for Social Sciences, Humanities, Law. |
| 655 ## - INDEX TERM--GENRE/FORM |
| Genre/form data or focus term |
Electronic books |
| 700 1# - ADDED ENTRY--PERSONAL NAME |
| Personal name |
Merga, Margaret Kristin, |
| Relator term |
author. |
| 700 1# - ADDED ENTRY--PERSONAL NAME |
| Personal name |
Morris, Julia Elizabeth, |
| Relator term |
author. |
| 710 2# - ADDED ENTRY--CORPORATE NAME |
| Corporate name or jurisdiction name as entry element |
SpringerLink (Online service) |
| 773 0# - HOST ITEM ENTRY |
| Title |
Springer eBooks. |
| 856 ## - ELECTRONIC LOCATION AND ACCESS |
| Uniform Resource Identifier |
<a href="https://drive.google.com/file/d/1i8BQpXB0YIksURO6iUQC0BgSA7rgCSNj/view?usp=sharing">https://drive.google.com/file/d/1i8BQpXB0YIksURO6iUQC0BgSA7rgCSNj/view?usp=sharing</a> |
| 942 ## - ADDED ENTRY ELEMENTS (KOHA) |
| Source of classification or shelving scheme |
Library of Congress Classification |
| Item type |
eBooks |